000 01148nam a2200301 a 4500
001 000113191
003 CHAP
005 20220329144343.0
008 170512s2016 mx sm |||||||spa d
010 _a109652
011 _a110624
040 _cCHAP
090 _aTesis
100 1 _aJaimes Rodríguez, Jorge
_9126681
245 1 0 _aModelación hidrológica de la Cuenca del Río Yautepec, Morelos, México
_h[En línea]
_cpor Jorge Jaimes Rodríguez.
260 _aChapingo, Méx. :
_bEl autor,
_c2016.
500 _aPara ver el contenido del material haga clic en la liga
502 _aTesis (M. en Ingeniería Agrícola y Uso Integral del Agua) -- UACH. Departamento de Irrigación
502 _aUACH. Departamento de Ingeniería Mecánica Agrícola
590 _aE5765TAJ
_b05
_c20170512
_lUCH01
_h1134
590 _aE5765TAJ
_b05
_c20170512
_lUCH01
_h1135
650 1 4 _aCuencas hidrológicas
_xEscurrimientos
_xModelos matemáticos.
_9132176
650 1 4 _aCuencas hidrológicas
_xSedimentación.
_9132177
856 _aFinding aid
_uhttp://10.13.5.2/tesis/sist113191.pdf
_zTeclea aquí
901 _aBK
942 _cTESIS
942 _n0
999 _c109652
_d109652